Quizzes
Events
Quiz Creation
Community
Videos
Private Events
Remove Ads
Sign In
Join for FREE
Feedback
Dark Mode
Quiz Categories
Sports
Geography
Music
Movies
Television
Just For Fun
Miscellaneous
History
Literature
Language
Science
Gaming
Entertainment
Religion
Holiday
For Kids
Quiz Lab
Recent
Popular Today
Quiz Kudos Today
Editor Picks
Curator Picks
Quizzes by...
Day
Popularity
Type
Ratings
Length
Year
Community
Subscriptions
Recent Discussions
Orange Saloon
Badges
Playlists
Quests
Create
Leaderboards
Showdown
Live 5
Trivia Bingo
Activity
Puzzle Library
Sporcle Events
Private Events
Virtual Trivia
Globe League
Become a Host
Pub Owners
SporcleCon
Opinionation
Our Games
Videos
Blog
Mobile Apps
Partnerships
Remove Ads and Go Orange
Feedback
Science
Computer
Plants
Astronomy
Chemistry
Elements
Math
Animal
Physics
Anatomy
Biology
Geology
General Science
Science
Computer
Plants
Astronomy
Chemistry
Elements
Math
Animal
Physics
Anatomy
Biology
Geology
General Science
Random Quiz
Search Sporcle
×
Quiz Lab
Quiz Lab
Science
molecule
Type in answers that appear in a list
Type in answers that appear in a list
Classic
Best Score? Go Orange.
Glycolysis Stats
Can you name the molecules involved in glycolysis?
By
tommb
5m
17 Questions
2,665 Plays
2,665 Plays
2,665 Plays
Comments
Comments
Give Quiz Kudos
Give Quiz Kudos
-
- Ratings
hide this ad
More Info
Forced Order
Answers have to be entered in order
Answers have to be entered in order
Replay
Link that replays current quiz
Next Quiz
Link to next quiz in quiz playlist
You Got
0%
They Got
Avg Score
61%
Avg Friend Score
Upgrade to see
Score Distribution
Jump to the score distribution portion of the page
Score
0/17
Timer
05:00
0
Plays Today
Number
Molecule
% Correct
1.
Glucose
99.3%
2.
Hexokinase
85.6%
4.
Glucose 6-phosphate
83.2%
5.
Fructose 6-phosphate
78.9%
3.
ADP
78%
7.
ADP
69%
6.
Phosphofructo kinase
64.1%
8.
Fructose 1,6-bisphosphate
58.9%
10.
Glyceraldehyde 3-phosphate
57.3%
Number
Molecule
% Correct
9.
Dihydroxyacetone phosphate
56.8%
12.
NADH
52%
13.
ATP
50.1%
17.
Pyruvate
47.6%
16.
ATP
44.3%
14.
Phosphoenolpyruvate
40.3%
11.
Triose phosphate isomerase
38.4%
15.
Pyruvate kinase
37.9%
Quiz Playlist
Details
Report
Send in Message
Add To Playlist
More Info:
Use the labels on the picture to name the molecules involved
Classic:
Type in answers that appear in a list
Forced Order:
Answers have to be entered in order
Last Updated: Apr 27, 2017
Quiz Scoreboard
CHALLENGE
Sign Up to Join the Scoreboard
Show All
Scores
Hide
Comments
May contain spoilers
Recently Published
Billboard Blitz: Fleetwood Mac
by CooCooCachoo
Music
15s
Presidents Visiting Landmarks
by Hejman
History
7m
An Introduction to Baseball
by treessimontrees
Sports
5m
More to Explore
Quiz From the Vault
Featured Blog Post
Where Did the Easter Bunny Come From?
hide this ad
You Might Also Like...
Tags
Glycolysis
Involved
molecule
Today's Top Quizzes in Science
Browse Science
hide this ad
Today's Top Quizzes in molecule
Browse molecule
Top Contributed Quizzes in Science
1
Quick Pick: Radians
2
Quick Pick: 'CI-CJ' Animals
3
The First 100 Digits of Pi
4
Elements In Images
5
Name the Acid, Base or Salt
6
One Thing in Common: Science
7
Science Jokes
8
One Thing in Common: Science III
9
One Thing in Common: Animals
10
One Thing in Common: Science II
Explore More
Trending Topics
Disney
Crossword
Anime
Harry Potter
Kpop
Marvel
NBA
Song
Puzzle
Pokémon
NFL
Country
WWE
Soccer
The Office
hide this ad
More By:
tommb
Quiz
Plays
Rating
Category
Featured
Created
The Citric Acid Cycle
4,895
4.00
Science
Jan 16, 2012
Glycolysis
2,665
3.80
Science
Jan 14, 2012
The Calvin Cycle
324
4.00
Science
Jan 16, 2012
The Light Reaction
193
Science
Jan 14, 2012
Regulatory metabolic enzymes
144
Science
Jun 2, 2012
Go to Creator's Profile
Score Distribution
Quiz Creator Spotlight
tommb
Follow
Send a Message
Quizzes Created
-
Created Quiz Play Count
-
More By This Creator
Popular Quizzes Today
1
Find the US States - No Outlines Minefield
2
Find the Countries of Europe - No Outlines Minefield
3
The Countries of the World
4
Find the US States
5
Risky Map Clicking: Biggest States A-Z
6
US States
7
Popular People in 1961
8
Movies - When Are They Set?
More Science Quizzes
Matching Polyatomic Ions
Editor's Pick
Trending Quizzes
Risky Map Clicking: Least Populous States A-Z
1-10 Letter G Words
1-10 Letter F Words
Risky Map Clicking: Next State Alphabetically
Click the Washington State Counties! (Map)
Recently Updated
Leaping Animals
pecheneg
Reality TV Shows (A-Z)
bhenderson79
Rickey Henderson's Hall of Fame Teammates
pecheneg
Champions League XIs: Arsenal
pecheneg
Quick Pick: Celebrities in WWE's Hall of Fame
aduchscher
A-Z Keypad Blitz II
pecheneg
Multiple Oscar Actors
pecheneg
Mystery Phrase Blitz: Oscar 'Best Actors'
pecheneg
F. Scott Fitzgerald Novels
LTH
Pick 3 Villains
ddd62291
Trending Topics
Kpop
Harry Potter
Anime
NBA
Marvel
Crossword
Disney
Song
NFL
Country
The Office
WWE
Pokémon
Puzzle
Soccer
Your Account Isn't Verified!
In order to create a playlist on Sporcle, you need to verify the email address you used during registration. Go to your
Sporcle Settings
to finish the process.
Report this User
Report this user for behavior that violates our
Community Guidelines
.
Details:
Send Report
Go to the Sporcle.com Mobile Site →
Comments